[Event "HUN-chT 9900"]
[Site "Hungary"]
[Date "2000.03.26"]
[Round "10"]
[White "Adorjan, Andras"]
[Black "Beliavsky, Alexander G"]
[Result "1/2-1/2"]
[WhiteElo "2512"]
[BlackElo "2618"]
[PlyCount "86"]
[EventDate "1999.09.26"]
[EventType "team"]
[EventRounds "11"]
[EventCountry "HUN"]
[SourceTitle "EXT 2009"]
[Source "ChessBase"]
[SourceDate "2008.11.26"]
[SourceVersion "1"]
[SourceVersionDate "2008.11.26"]
[SourceQuality "1"]
[WhiteTeam "Matador"]
[BlackTeam "Miskolc"]
[WhiteTeamCountry "HUN"]
[BlackTeamCountry "HUN"]

1. d4 Nf6 2. Nf3 e6 3. c4 Bb4+ 4. Bd2 Qe7 5. g3 Nc6 6. Nc3 0-0 7. Bg2 Bxc3 8. Bxc3 Ne4 9. Rc1 d6 10. d5 Nb8 11. dxe6 Bxe6 12. Nd4 Bd7 13. 0-0 Nc6 14. e3 Rfe8 15. Ne2 Bf5 16. Nf4 Qd7 17. b3 Nxc3 18. Rxc3 Re5 19. Qd2 Rae8 20. Rd1 b6 21. Qb2 a5 22. a3 Be4 23. Rcc1 Bxg2 24. Kxg2 Qc8 25. Qe2 Re4 26. Nd5 Nd4 27. Qd3 Nf5 28. Qe2 Ne7 29. Nxe7+ R8xe7 30. b4 axb4 31. axb4 Qe6 32. Rd5 g6 33. Rcd1 Re8 34. R5d4 h5 35. Qf3 Re5 36. h4 Qd7 37. Rd5 Qa4 38. R1d4 Qxb4 39. c5 Qb2 40. cxd6 cxd6 41. Rxd6 Rxe3 42. Qf6 Re2 43. Rf4 Qxf6 1/2-1/2

[Event "HUN-chT 9900"]
[Site "Hungary"]
[Date "2000.02.13"]
[Round "7"]
[White "Ruck, Robert"]
[Black "Adorjan, Andras"]
[Result "1/2-1/2"]
[WhiteElo "2485"]
[BlackElo "2512"]
[PlyCount "44"]
[EventDate "1999.09.26"]
[EventType "team"]
[EventRounds "11"]
[EventCountry "HUN"]
[SourceTitle "EXT 2009"]
[Source "ChessBase"]
[SourceDate "2008.11.26"]
[SourceVersion "1"]
[SourceVersionDate "2008.11.26"]
[SourceQuality "1"]
[WhiteTeam "Haladas"]
[BlackTeam "Matador"]
[WhiteTeamCountry "HUN"]
[BlackTeamCountry "HUN"]

1. d4 Nf6 2. Nf3 g6 3. c4 Bg7 4. g3 0-0 5. Bg2 c6 6. 0-0 d5 7. Nbd2 Na6 8. b3 b6 9. Bb2 Bb7 10. e3 c5 11. Qe2 e6 12. Rfd1 Qe7 13. dxc5 Nxc5 14. Rac1 Rfd8 15. Bd4 Rac8 16. Rc2 Na6 17. Rcc1 Nb4 18. a3 Nc6 19. Bb2 Ba6 20. Qe1 dxc4 21. Nxc4 Rxd1 22. Rxd1 Rd8 1/2-1/2

[Event "HUN-chT 9900"]
[Site "Hungary"]
[Date "2000.02.12"]
[Round "8"]
[White "Adorjan, Andras"]
[Black "Acs, Peter"]
[Result "1/2-1/2"]
[WhiteElo "2512"]
[BlackElo "2525"]
[PlyCount "54"]
[EventDate "1999.09.26"]
[EventType "team"]
[EventRounds "11"]
[EventCountry "HUN"]
[SourceTitle "EXT 2009"]
[Source "ChessBase"]
[SourceDate "2008.11.26"]
[SourceVersion "1"]
[SourceVersionDate "2008.11.26"]
[SourceQuality "1"]
[WhiteTeam "Matador"]
[BlackTeam "Paks"]
[WhiteTeamCountry "HUN"]
[BlackTeamCountry "HUN"]

1. c4 Nf6 2. Nc3 e5 3. e3 Bb4 4. Nge2 0-0 5. a3 Be7 6. Qc2 c6 7. d4 d6 8. b3 Re8 9. Bb2 Bf8 10. dxe5 dxe5 11. Ng3 a5 12. Be2 Na6 13. 0-0 Nc5 14. b4 Na6 15. b5 Nc5 16. Rfd1 Qc7 17. a4 Be6 18. h3 h6 19. Rac1 Rad8 20. Rxd8 Rxd8 21. Rd1 Rxd1+ 22. Qxd1 Nfd7 23. Nge4 Nxe4 24. Nxe4 f5 25. Nd2 Qd6 26. Qc2 Be7 27. Bc3 b6 1/2-1/2

[Event "HUN-chT 9900"]
[Site "Hungary"]
[Date "1999.11.21"]
[Round "5"]
[White "Varga, Zoltan"]
[Black "Adorjan, Andras"]
[Result "1-0"]
[WhiteElo "2541"]
[BlackElo "2512"]
[PlyCount "55"]
[EventDate "1999.09.26"]
[EventType "team"]
[EventRounds "11"]
[EventCountry "HUN"]
[SourceTitle "EXT 2009"]
[Source "ChessBase"]
[SourceDate "2008.11.26"]
[SourceVersion "1"]
[SourceVersionDate "2008.11.26"]
[SourceQuality "1"]
[WhiteTeam "Honved"]
[BlackTeam "Matador"]
[WhiteTeamCountry "HUN"]
[BlackTeamCountry "HUN"]

1. e4 c5 2. Nf3 e6 3. d4 cxd4 4. Nxd4 Nf6 5. Bd3 Nc6 6. Nxc6 dxc6 7. 0-0 e5 8. Nd2 Bg4 9. Qe1 Bd6 10. Nc4 Bc7 11. Qc3 Qb8 12. Qa3 Be6 13. Bg5 b5 14. Na5 Qb6 15. b4 0-0 16. Qc3 c5 17. Be3 Nd7 18. Nb3 Bxb3 19. axb3 Bd6 20. Ra5 cxb4 21. Qa1 Bc5 22. Rxb5 Bxe3 23. Rxb6 axb6 24. Qd1 Bc5 25. Bc4 Nf6 26. Qf3 Rfd8 27. g4 Rd4 28. g5 1-0

[Event "HUN-chT2 9899"]
[Site "Hungary"]
[Date "1999.??.??"]
[Round "?"]
[White "Adorjan, Andras"]
[Black "Szabo, Janos"]
[Result "1-0"]
[WhiteElo "2490"]
[BlackElo "2255"]
[PlyCount "49"]
[EventDate "1998.??.??"]
[EventType "team"]
[EventRounds "12"]
[EventCountry "HUN"]
[SourceTitle "EXT 2000"]
[Source "ChessBase"]
[SourceDate "1999.11.16"]
[SourceVersion "1"]
[SourceVersionDate "1999.11.16"]
[SourceQuality "1"]

1. Nf3 Nf6 2. d4 g6 3. c4 Bg7 4. g3 0-0 5. Bg2 d6 6. 0-0 c6 7. h3 Be6 8. Nbd2 Qb6 9. b3 a5 10. e4 Ne8 11. Bb2 a4 12. Qc1 axb3 13. axb3 Rxa1 14. Bxa1 Na6 15. Bc3 Nec7 16. Qb2 Nb4 17. Ra1 Nca6 18. Bf1 Bd7 19. c5 dxc5 20. Nc4 Qa7 21. Nfe5 Be6 22. dxc5 Bxc4 23. Bxc4 Bxe5 24. Bxe5 e6 25. Bh8 1-0

[Event "HUN-chT2 9899"]
[Site "Hungary"]
[Date "1999.??.??"]
[Round "?"]
[White "Adorjan, Andras"]
[Black "Szell, Lajos"]
[Result "1-0"]
[WhiteElo "2490"]
[BlackElo "2260"]
[PlyCount "45"]
[EventDate "1998.??.??"]
[EventType "team"]
[EventRounds "12"]
[EventCountry "HUN"]
[SourceTitle "EXT 2000"]
[Source "ChessBase"]
[SourceDate "1999.11.16"]
[SourceVersion "1"]
[SourceVersionDate "1999.11.16"]
[SourceQuality "1"]

1. e4 e5 2. Nf3 Nc6 3. Bb5 f5 4. Nc3 fxe4 5. Nxe4 d5 6. Nc3 Bg4 7. h3 Bxf3 8. Qxf3 Nf6 9. 0-0 Qd6 10. d4 e4 11. Qf5 Qd7 12. Qxd7+ Kxd7 13. Bg5 Ke6 14. f3 Nxd4 15. Bxf6 gxf6 16. fxe4 Kf7 17. Bd3 dxe4 18. Nxe4 Bg7 19. Rad1 Rhd8 20. Nc5 b6 21. Nb7 Rd7 22. Bb5 c6 23. Bxc6 1-0

[Event "HUN-chT2 9899"]
[Site "Hungary"]
[Date "1999.??.??"]
[Round "?"]
[White "Szabo, Zsolt Jozsef"]
[Black "Adorjan, Andras"]
[Result "1/2-1/2"]
[WhiteElo "2405"]
[BlackElo "2490"]
[PlyCount "90"]
[EventDate "1998.??.??"]
[EventType "team"]
[EventRounds "12"]
[EventCountry "HUN"]
[SourceTitle "EXT 2000"]
[Source "ChessBase"]
[SourceDate "1999.11.16"]
[SourceVersion "1"]
[SourceVersionDate "1999.11.16"]
[SourceQuality "1"]

1. e4 c5 2. Nf3 e6 3. d4 cxd4 4. Nxd4 Nf6 5. Nc3 Nc6 6. Ndb5 d6 7. Bf4 e5 8. Bg5 a6 9. Na3 b5 10. Nd5 Be7 11. Bxf6 Bxf6 12. c3 0-0 13. Nc2 Bg5 14. a4 bxa4 15. Rxa4 a5 16. Bc4 Rb8 17. b3 Kh8 18. 0-0 f5 19. exf5 Bxf5 20. Nde3 Bg6 21. Qd5 Ne7 22. Qxa5 d5 23. Bb5 Qxa5 24. Rxa5 Rfc8 25. h4 Bxh4 26. Ne1 Rxc3 27. Nf3 Bf6 28. Ba4 e4 29. Nh2 d4 30. Nc4 h5 31. g4 e3 32. g5 e2 33. Re1 d3 34. gxf6 gxf6 35. Nf3 Rc2 36. Nfd2 Bf7 37. f3 Nd5 38. Kf2 Nc3 39. Ke3 Rd8 40. Ra7 Nd1+ 41. Kf4 Bxc4 42. Nxc4 Nc3 43. Ra5 Nxa4 44. Rg1 Rd7 45. Rxh5+ Rh7 1/2-1/2

[Event "Chess Classics Masters"]
[Site "Frankfurt"]
[Date "1998.06.19"]
[Round "11"]
[White "Timman, Jan H"]
[Black "Adorjan, Andras"]
[Result "1-0"]
[WhiteElo "2635"]
[BlackElo "2490"]
[PlyCount "65"]
[EventDate "1998.06.17"]
[EventType "tourn (rapid)"]
[EventRounds "14"]
[EventCountry "GER"]
[EventCategory "14"]
[SourceTitle "CBM 065 Extra"]
[Source "ChessBase"]
[SourceDate "1998.09.09"]
[SourceVersion "1"]
[SourceVersionDate "1998.09.09"]
[SourceQuality "1"]

1. d4 Nf6 2. Nf3 g6 3. Bg5 Bg7 4. Nbd2 c5 5. e3 cxd4 6. exd4 0-0 7. Bd3 b6 8. 0-0 Ba6 9. Bxa6 Nxa6 10. Re1 Re8 11. c3 Qc8 12. Qb3 Nc7 13. Ne5 Ne6 14. Ndf3 d6 15. Bxf6 exf6 16. Nc4 Qc6 17. d5 Qxd5 18. Rad1 Qc6 19. Nxd6 Re7 20. Nxf7 Nc5 21. Rd8+ Rxd8 22. Nxd8+ Nxb3 23. Nxc6 Rxe1+ 24. Nxe1 Nc1 25. Nxa7 Nxa2 26. Nd3 Bh6 27. Nc8 b5 28. Na7 Nc1 29. Nxc1 Bxc1 30. b4 Kf7 31. Kf1 Ke6 32. Ke2 Kd5 33. Kd3 1-0

[Event "Chess Classics Masters"]
[Site "Frankfurt"]
[Date "1998.06.17"]
[Round "4"]
[White "Adorjan, Andras"]
[Black "Timman, Jan H"]
[Result "0-1"]
[WhiteElo "2490"]
[BlackElo "2635"]
[PlyCount "106"]
[EventDate "1998.06.17"]
[EventType "tourn (rapid)"]
[EventRounds "14"]
[EventCountry "GER"]
[EventCategory "14"]
[SourceTitle "CBM 065 Extra"]
[Source "ChessBase"]
[SourceDate "1998.09.09"]
[SourceVersion "1"]
[SourceVersionDate "1998.09.09"]
[SourceQuality "1"]

1. d4 Nf6 2. Nf3 e6 3. g3 b5 4. Bg2 Bb7 5. 0-0 c5 6. Na3 a6 7. c4 cxd4 8. cxb5 Bxa3 9. bxa3 axb5 10. Bb2 0-0 11. Bxd4 Bd5 12. Bxf6 Qxf6 13. Nd4 Bxg2 14. Kxg2 Qe5 15. Qd3 Na6 16. Nf3 Qc7 17. Qxb5 Nc5 18. Qb4 Ra4 19. Qc3 Rfa8 20. Rac1 d6 21. Rfd1 Rxa3 22. Qd4 R3a6 23. Kg1 h6 24. Rc2 Rxa2 25. Rxa2 Rxa2 26. Qc4 Ra4 27. Qc2 Ra6 28. Nd4 Qb7 29. Qc4 Rb6 30. Qa2 Rb2 31. Qa1 Ne4 32. Qa3 Ng5 33. Nf3 Nxf3+ 34. exf3 d5 35. Qd3 Qb6 36. Rd2 Rxd2 37. Qxd2 Qc5 38. Qa2 g6 39. h4 Qc3 40. Qe2 Kf8 41. Kg2 h5 42. Qb5 Ke7 43. Qb8 Qd4 44. Qc7+ Kf8 45. Qd8+ Kg7 46. Qd6 Qf6 47. Qc5 d4 48. Qd6 e5 49. Qd5 Qe6 50. Qd8 Qc6 51. Qe7 Qd5 52. Kf1 d3 53. Ke1 d2+ 0-1

[Event "Chess Classics Masters"]
[Site "Frankfurt"]
[Date "1998.06.17"]
[Round "3"]
[White "Portisch, Lajos"]
[Black "Adorjan, Andras"]
[Result "0-1"]
[WhiteElo "2600"]
[BlackElo "2490"]
[PlyCount "118"]
[EventDate "1998.06.17"]
[EventType "tourn (rapid)"]
[EventRounds "14"]
[EventCountry "GER"]
[EventCategory "14"]
[SourceTitle "CBM 065 Extra"]
[Source "ChessBase"]
[SourceDate "1998.09.09"]
[SourceVersion "1"]
[SourceVersionDate "1998.09.09"]
[SourceQuality "1"]

1. d4 Nf6 2. c4 g6 3. Nc3 d5 4. Nf3 Bg7 5. Bf4 0-0 6. e3 c5 7. dxc5 Qa5 8. Rc1 Rd8 9. Qa4 Qxa4 10. Nxa4 Nc6 11. Nc3 Ne4 12. Be2 Bxc3+ 13. bxc3 dxc4 14. Bxc4 Nxc5 15. 0-0 Be6 16. Bxe6 Nxe6 17. Bg3 Rac8 18. Nd4 Nc5 19. Rfd1 f6 20. f3 Kf7 21. Bf2 Ne5 22. Rb1 a6 23. e4 b5 24. Ne2 Na4 25. Bd4 Nc4 26. h4 h5 27. Kf2 e5 28. Ba7 Nd2 29. Ra1 Nxc3 30. Nxc3 Rxc3 31. Bb6 Rd7 32. Ba5 Rc2 33. Ke1 Nxf3+ 34. gxf3 Rxd1+ 35. Kxd1 Rf2 36. Be1 Rxf3 37. Rc1 Rd3+ 38. Ke2 Ra3 39. Rc7+ Ke6 40. Rc6+ Kf7 41. Rc2 g5 42. hxg5 fxg5 43. Bb4 Ra4 44. Rc7+ Ke6 45. Bd2 Rxe4+ 46. Kf3 Ra4 47. Bxg5 Rxa2 48. Rh7 b4 49. Ke4 b3 50. Rh6+ Kd7 51. Rb6 b2 52. Bf6 h4 53. Bxe5 h3 54. Bb8 a5 55. Kd3 a4 56. Bd6 Ra1 57. Rxb2 Kxd6 58. Kc4 Rh1 59. Rd2+ Kc6 0-1

[Event "HUN-chT2 9899"]
[Site "Hungary"]
[Date "1998.??.??"]
[Round "?"]
[White "Kosa, Laszlo"]
[Black "Adorjan, Andras"]
[Result "0-1"]
[WhiteElo "2225"]
[BlackElo "2490"]
[PlyCount "116"]
[EventDate "1998.??.??"]
[EventType "team"]
[EventRounds "12"]
[EventCountry "HUN"]
[SourceTitle "EXT 2000"]
[Source "ChessBase"]
[SourceDate "1999.11.16"]
[SourceVersion "1"]
[SourceVersionDate "1999.11.16"]
[SourceQuality "1"]

1. e4 c5 2. Nf3 e6 3. d3 b6 4. Nbd2 Bb7 5. Qe2 d6 6. g3 g6 7. Bg2 Bg7 8. h4 Nf6 9. Nc4 Nc6 10. Bf4 e5 11. Bg5 0-0 12. c3 Ne7 13. Ne3 Nh5 14. Bxe7 Qxe7 15. Nd2 Bh6 16. Bf3 Nf6 17. c4 Rab8 18. Ndf1 b5 19. Nd2 bxc4 20. dxc4 Ne8 21. h5 Bg5 22. b3 Ng7 23. Nd5 Qd8 24. hxg6 fxg6 25. Ne3 Ne6 26. Bg2 Nd4 27. Qd3 Bxe3 28. fxe3 Nc6 29. a3 a5 30. Bh3 Qe7 31. 0-0-0 a4 32. Rdf1 axb3 33. Nxb3 Qg5 34. Be6+ Kh8 35. Nd2 Qe7 36. Bd5 Qc7 37. Nf3 Qe7 38. Nh4 Qg5 39. Nf3 Qg4 40. Qe2 Na5 41. Qh2 h5 42. Nd2 Bxd5 43. Rxf8+ Rxf8 44. cxd5 c4 45. Qh4 Qxh4 46. gxh4 Rf2 47. Nb1 Nb3+ 48. Kd1 Rb2 49. Nc3 Rd2+ 50. Ke1 Rc2 51. Ne2 c3 52. Kf2 Rd2 53. Kf3 c2 54. Re1 Rd1 55. Kf2 g5 56. a4 gxh4 57. a5 Nxa5 58. Nc1 h3 0-1

[Event "HUN-chT2 9899"]
[Site "Hungary"]
[Date "1998.??.??"]
[Round "?"]
[White "Sulyok, Sandor"]
[Black "Adorjan, Andras"]
[Result "0-1"]
[WhiteElo "2305"]
[BlackElo "2490"]
[PlyCount "50"]
[EventDate "1998.??.??"]
[EventType "team"]
[EventRounds "12"]
[EventCountry "HUN"]
[SourceTitle "EXT 2000"]
[Source "ChessBase"]
[SourceDate "1999.11.16"]
[SourceVersion "1"]
[SourceVersionDate "1999.11.16"]
[SourceQuality "1"]

1. d4 c5 2. e3 cxd4 3. exd4 Nf6 4. Nf3 d5 5. Ne5 g6 6. Nd2 Bg7 7. Bb5+ Nbd7 8. Nxd7 Bxd7 9. Qe2 0-0 10. 0-0 Bg4 11. f3 Bf5 12. Nb3 Qb6 13. Bd3 Bxd3 14. Qxd3 e5 15. Be3 e4 16. Qd2 Rfe8 17. Nc5 Re7 18. Rae1 exf3 19. gxf3 Qxb2 20. Rb1 Qxa2 21. Ra1 Qc4 22. Rfb1 Rxe3 23. Qxe3 Ng4 24. Qd3 Bxd4+ 25. Kf1 Ne3+ 0-1

[Event "Maroczy Memorial"]
[Site "Szeged"]
[Date "1997.11.21"]
[Round "8"]
[White "Adorjan, Andras"]
[Black "Atalik, Suat"]
[Result "0-1"]
[WhiteElo "2485"]
[BlackElo "2590"]
[PlyCount "66"]
[EventDate "1997.11.14"]
[EventType "tourn"]
[EventRounds "9"]
[EventCountry "HUN"]
[EventCategory "13"]
[SourceTitle "CBM 062"]
[Source "ChessBase"]
[SourceDate "1998.01.31"]
[SourceVersion "1"]
[SourceVersionDate "1998.01.31"]
[SourceQuality "1"]

1. c4 e6 2. Nc3 d5 3. d4 Bb4 4. cxd5 exd5 5. Qa4+ Nc6 6. Nf3 Nge7 7. e3 0-0 8. Bd2 Bg4 9. Be2 Ng6 10. Qb3 Re8 11. 0-0-0 Nf4 12. Bf1 Nh3 13. Be1 Bxc3 14. bxc3 Na5 15. Qa4 c6 16. Rd2 b5 17. Qa3 Bxf3 18. gxf3 Ng5 19. f4 Ne4 20. Rc2 Nc4 21. Qb3 Rb8 22. Bd3 Qd7 23. h3 a5 24. Re2 c5 25. f3 Nf6 26. dxc5 Qc7 27. Bf2 a4 28. Qb4 Nd7 29. c6 Qxc6 30. e4 Qh6 31. Bg3 Nde5 32. Rd1 Nxd3+ 33. Rxd3 Qxh3 0-1

[Event "Maroczy Memorial"]
[Site "Szeged"]
[Date "1997.11.16"]
[Round "3"]
[White "Adorjan, Andras"]
[Black "Miles, Anthony John"]
[Result "0-1"]
[WhiteElo "2485"]
[BlackElo "2595"]
[PlyCount "122"]
[EventDate "1997.11.14"]
[EventType "tourn"]
[EventRounds "9"]
[EventCountry "HUN"]
[EventCategory "13"]
[SourceTitle "CBM 062"]
[Source "ChessBase"]
[SourceDate "1998.01.31"]
[SourceVersion "1"]
[SourceVersionDate "1998.01.31"]
[SourceQuality "1"]

1. c4 e6 2. Nf3 Nf6 3. d4 d5 4. Bg5 h6 5. Bxf6 Qxf6 6. Nc3 c6 7. g3 Nd7 8. Bg2 Qd8 9. 0-0 Be7 10. Nd2 0-0 11. Re1 b5 12. cxb5 cxb5 13. e4 b4 14. Ne2 Nf6 15. exd5 Nxd5 16. Nf4 Bb7 17. Nc4 Bg5 18. Nd3 Rc8 19. Nc5 Ba8 20. Ne5 Bf6 21. Ned7 Re8 22. a3 bxa3 23. Rxa3 Rc7 24. Qa4 Be7 25. Ne5 Nb6 26. Qb5 Bxg2 27. Nxf7 Bc6 28. Qxc6 Rxc6 29. Nxd8 Bxd8 30. Rxa7 Bf6 31. Re4 Bxd4 32. Rxd4 Rxc5 33. Rg4 Rg5 34. Rb4 Nc8 35. Rc7 Nd6 36. Rb6 Rd5 37. Rd7 Nc4 38. Rxe6 Rxe6 39. Rxd5 Nxb2 40. Rd4 Rc6 41. h4 Nc4 42. h5 Ne5 43. Kg2 Kf7 44. Ra4 Kf6 45. f4 Nd7 46. Ra3 Nf8 47. Kf3 Ne6 48. Kg4 Rc5 49. Ra6 Ke7 50. Ra8 Nf8 51. Ra7+ Nd7 52. Kh4 Rf5 53. Kg4 Rf7 54. Ra6 Nf6+ 55. Kh4 Ne8 56. Ra8 Nd6 57. Kg4 Ke6 58. Ra5 Rb7 59. Re5+ Kf7 60. Ra5 Ne4 61. Kf3 Nf6 0-1

[Event "HUN-chT2 9798"]
[Site "Hungary"]
[Date "1997.??.??"]
[Round "?"]
[White "Adorjan, Andras"]
[Black "Berebora, Ferenc"]
[Result "1/2-1/2"]
[WhiteElo "2530"]
[BlackElo "2390"]
[PlyCount "122"]
[EventDate "1997.??.??"]
[EventType "team"]
[EventRounds "11"]
[EventCountry "HUN"]
[SourceTitle "EXT 1999"]
[Source "ChessBase"]
[SourceDate "1998.11.16"]
[SourceVersion "1"]
[SourceVersionDate "1998.11.16"]
[SourceQuality "1"]

1. Nf3 g6 2. e4 d6 3. d4 Nf6 4. Bd3 Bg7 5. 0-0 0-0 6. c3 Nh5 7. Re1 e5 8. h3 exd4 9. cxd4 Nc6 10. Bc4 Ne7 11. Nc3 c6 12. Bb3 d5 13. exd5 cxd5 14. Bg5 Bf6 15. Qd2 Be6 16. Re2 Nc6 17. Bh6 Bg7 18. Rae1 Qd6 19. Bxg7 Kxg7 20. Ng5 Nf4 21. Re3 Rad8 22. a3 h6 23. Nf3 f6 24. Ne2 Bf7 25. Nxf4 Qxf4 26. Ba4 Rd7 27. Bxc6 bxc6 28. Qc3 Qd6 29. Rc1 Rc7 30. Ne1 Re8 31. Rxe8 Bxe8 32. Nd3 Re7 33. Re1 Bd7 34. Nc5 Bf5 35. Re3 g5 36. Qe1 Kf7 37. g4 Bc8 38. Kg2 Rxe3 39. Qxe3 f5 40. f3 Qe7 41. Qxe7+ Kxe7 42. Nd3 fxg4 43. hxg4 Bd7 44. Ne5 Be8 45. Kg3 Kd6 46. b4 Ke6 47. f4 gxf4+ 48. Kf3 h5 49. Kxf4 hxg4 50. Kxg4 Kd6 51. Kf5 Bh5 52. Kf6 Be8 53. Ng4 a5 54. Nh6 axb4 55. axb4 Bh5 56. Nf5+ Kd7 57. Ke5 Bf3 58. Ne3 Kc7 59. Nc2 Kb6 60. Na3 Be4 61. Kd6 Bd3 1/2-1/2

[Event "HUN-chT 9697"]
[Site "Hungary"]
[Date "1997.??.??"]
[Round "7"]
[White "Adorjan, Andras"]
[Black "Szekely, Peter"]
[Result "1/2-1/2"]
[WhiteElo "2525"]
[BlackElo "2435"]
[PlyCount "23"]
[EventDate "1996.??.??"]
[EventType "team"]
[EventRounds "12"]
[EventCountry "HUN"]
[SourceTitle "EXT 2006"]
[Source "ChessBase"]
[SourceDate "2005.11.24"]
[SourceVersion "1"]
[SourceVersionDate "2005.11.24"]
[SourceQuality "1"]
[WhiteTeam "Balatonalmadi"]
[BlackTeam "Postas"]
[WhiteTeamCountry "HUN"]
[BlackTeamCountry "HUN"]

1. e4 c5 2. Nf3 d6 3. d4 cxd4 4. Nxd4 Nf6 5. Nc3 a6 6. f4 e5 7. Nf3 Qc7 8. a4 Be7 9. Bd3 Nc6 10. 0-0 Nb4 11. Qe1 0-0 12. Kh1 1/2-1/2

[Event "Papp Bela Memorial"]
[Site "Budapest"]
[Date "1997.??.??"]
[Round "?"]
[White "Albert, Kornelia"]
[Black "Adorjan, Andras"]
[Result "1/2-1/2"]
[WhiteElo "2140"]
[BlackElo "2530"]
[PlyCount "42"]
[EventDate "1997.??.??"]
[EventType "swiss"]
[EventRounds "11"]
[EventCountry "HUN"]
[SourceTitle "EXT 2002"]
[Source "ChessBase"]
[SourceDate "2001.11.25"]
[SourceVersion "1"]
[SourceVersionDate "2001.11.25"]
[SourceQuality "1"]

1. e4 c5 2. Nf3 d6 3. d4 cxd4 4. Nxd4 Nf6 5. Nc3 e6 6. Be3 Nc6 7. f3 Be7 8. Qd2 0-0 9. g4 d5 10. g5 Nxd4 11. Bxd4 Nd7 12. f4 e5 13. fxe5 Bxg5 14. Qg2 dxe4 15. Nxe4 Nxe5 16. Bxe5 Re8 17. Bxg7 Kxg7 18. Be2 Qd5 19. Qxg5+ Qxg5 20. Nxg5 Bg4 21. 0-0-0 Rxe2 1/2-1/2

[Event "HUN-chT 9697"]
[Site "Hungary"]
[Date "1997.??.??"]
[Round "9"]
[White "Bilek, Istvan"]
[Black "Adorjan, Andras"]
[Result "1/2-1/2"]
[WhiteElo "2405"]
[BlackElo "2525"]
[PlyCount "50"]
[EventDate "1996.??.??"]
[EventType "team"]
[EventRounds "12"]
[EventCountry "HUN"]
[SourceTitle "EXT 2006"]
[Source "ChessBase"]
[SourceDate "2005.11.24"]
[SourceVersion "1"]
[SourceVersionDate "2005.11.24"]
[SourceQuality "1"]
[WhiteTeam "Vasas"]
[BlackTeam "Balatonalmadi"]
[WhiteTeamCountry "HUN"]
[BlackTeamCountry "HUN"]

1. c4 b6 2. Nf3 Bb7 3. g3 c5 4. Bg2 g6 5. 0-0 Bg7 6. d3 Nf6 7. Nc3 0-0 8. e4 Nc6 9. h3 Ne8 10. Be3 Nd4 11. Nh4 Nd6 12. f4 e6 13. Ne2 Nxe2+ 14. Qxe2 f5 15. e5 Bxg2 16. Kxg2 Nf7 17. Nf3 Qc7 18. d4 d6 19. Rad1 cxd4 20. Bxd4 dxe5 21. Bxe5 Bxe5 22. Nxe5 Nxe5 23. fxe5 Rfd8 24. b3 Rxd1 25. Rxd1 Rd8 1/2-1/2

[Event "Heves Rainbow op"]
[Site "Heves"]
[Date "1997.??.??"]
[Round "7"]
[White "Boricsev, Oleg"]
[Black "Adorjan, Andras"]
[Result "0-1"]
[WhiteElo "2320"]
[BlackElo "2530"]
[PlyCount "64"]
[EventDate "1997.??.??"]
[EventType "swiss"]
[EventRounds "7"]
[EventCountry "HUN"]
[SourceTitle "EXT 2004"]
[Source "ChessBase"]
[SourceDate "2003.11.25"]
[SourceVersion "1"]
[SourceVersionDate "2003.11.25"]
[SourceQuality "1"]

1. e4 c6 2. d4 d5 3. Nc3 dxe4 4. Nxe4 Nd7 5. Bc4 Ngf6 6. Ng5 e6 7. N1f3 h6 8. Nh3 b5 9. Bd3 Bd6 10. Qe2 Qc7 11. a4 bxa4 12. c4 c5 13. d5 Nb6 14. Bd2 Kf8 15. Bc3 exd5 16. Bxf6 Bxh3 17. 0-0 Re8 18. Qd1 Bg4 19. Bh4 Bxh2+ 20. Kh1 d4 21. Be2 Qf4 22. Bg3 Bxg3 23. fxg3 Qe3 24. Bd3 h5 25. Re1 Bxf3 26. gxf3 Qxe1+ 27. Qxe1 Rxe1+ 28. Rxe1 Rh6 29. Re5 Re6 30. Rxc5 Re3 31. Be4 d3 32. Rc7 Rxe4 0-1

[Event "Papp Bela Memorial"]
[Site "Budapest"]
[Date "1997.??.??"]
[Round "?"]
[White "Csoke, Adrienn"]
[Black "Adorjan, Andras"]
[Result "1/2-1/2"]
[WhiteElo "2135"]
[BlackElo "2530"]
[PlyCount "36"]
[EventDate "1997.??.??"]
[EventType "swiss"]
[EventRounds "11"]
[EventCountry "HUN"]
[SourceTitle "EXT 2002"]
[Source "ChessBase"]
[SourceDate "2001.11.25"]
[SourceVersion "1"]
[SourceVersionDate "2001.11.25"]
[SourceQuality "1"]

1. e4 c5 2. Nf3 e6 3. c4 Nc6 4. Nc3 Nf6 5. d3 Be7 6. g3 d5 7. Bg2 dxc4 8. dxc4 Qxd1+ 9. Kxd1 0-0 10. Ke2 e5 11. h3 Be6 12. b3 Bd8 13. Bb2 Re8 14. Ne1 Nd4+ 15. Kf1 a6 16. Nd3 Nd7 17. Nd5 b5 18. Rc1 Rc8 1/2-1/2

[Event "Heves Rainbow op"]
[Site "Heves"]
[Date "1997.??.??"]
[Round "1"]
[White "Forgo, Eva"]
[Black "Adorjan, Andras"]
[Result "0-1"]
[WhiteElo "2295"]
[BlackElo "2530"]
[PlyCount "86"]
[EventDate "1997.??.??"]
[EventType "swiss"]
[EventRounds "7"]
[EventCountry "HUN"]
[SourceTitle "EXT 2004"]
[Source "ChessBase"]
[SourceDate "2003.11.25"]
[SourceVersion "1"]
[SourceVersionDate "2003.11.25"]
[SourceQuality "1"]

1. e4 c5 2. Nf3 e6 3. d4 cxd4 4. Nxd4 Nf6 5. Nc3 d6 6. f4 a6 7. Qf3 Qb6 8. Nb3 h5 9. Bd3 Nc6 10. Be3 Qc7 11. 0-0-0 b5 12. h3 h4 13. g4 hxg3 14. Qxg3 Bb7 15. Kb1 b4 16. Na4 Ne7 17. Nd2 d5 18. Nc5 dxe4 19. Ndxe4 Nxe4 20. Bxe4 Bxe4 21. Nxe4 Nf5 22. Qf2 Be7 23. Bd4 Rc8 24. Be5 Qc6 25. Qe2 f6 26. Bd4 Qc4 27. Qf2 Rd8 28. c3 bxc3 29. bxc3 Nxd4 30. Rxd4 Rxd4 31. Qxd4 Qxd4 32. cxd4 Rh4 33. Kc2 Rxf4 34. Kd3 Rh4 35. Nf2 f5 36. Rb1 Bf6 37. Rb4 Kf7 38. Ra4 e5 39. Rxa6 Rxd4+ 40. Ke2 e4 41. a4 Bg5 42. a5 Rd2+ 43. Ke1 e3 0-1

[Event "Papp Bela Memorial"]
[Site "Budapest"]
[Date "1997.??.??"]
[Round "?"]
[White "Szieberth, Adam"]
[Black "Adorjan, Andras"]
[Result "0-1"]
[WhiteElo "2300"]
[BlackElo "2530"]
[PlyCount "41"]
[EventDate "1997.??.??"]
[EventType "swiss"]
[EventRounds "11"]
[EventCountry "HUN"]
[SourceTitle "EXT 2002"]
[Source "ChessBase"]
[SourceDate "2001.11.25"]
[SourceVersion "1"]
[SourceVersionDate "2001.11.25"]
[SourceQuality "1"]

1. e4 c5 2. Nf3 e6 3. d4 cxd4 4. Nxd4 Nf6 5. Nc3 d6 6. Be2 Be7 7. 0-0 0-0 8. f4 Nc6 9. Be3 e5 10. Nxc6 bxc6 11. fxe5 dxe5 12. Qe1 Be6 13. Qg3 Qc7 14. Bh6 Ne8 15. Bg4 Bxg4 16. Qxg4 Qb6+ 17. Kh1 Qxb2 18. Ne2 Qb7 19. Ng3 Kh8 20. Bd2 Nd6 21. Nh5 0-1